000 01239nam a2200277 i 4500
001 156342
003 ES-MaACL
005 20251017063108.0
008 940202s1867 sp a |||| | spa d
040 _aCAM
_bspa
100 1 _aJiménez de Cisneros, Francisco,
_d1436-1517
_966495
245 1 0 _aCartas del cardenal don Fray Francisco Jiménez de Cisneros dirigidas a don Diego López de Ayala /
_cpublicadas de Real Orden por Pascual de Gayangos y Vicente de la Fuente.
260 _aMadrid :
_b[s.n.],
_c1867 (
_fColegio de Sordo-Mudos y de Ciegos)
300 _aXLII, 271 p., [2] h. facs., [1] h. de grab. ;
_c23 cm.
597 _aSignaturizado.
597 _aAntep.
597 _aPort. con esc. xil.
599 _aLa h. de grab. lit.: "D. Martinez do y go", retrato del autor.
599 _aLas h. de facs. son cartas manuscritas una de ellas dirigida al marques de Pliego.
600 1 7 _aJiménez de Cisneros, Francisco,
_d1436-1517-
_vCorrespondencia
_2
_9159941
600 1 4 _aLópez de Ayala, Diego-
_vCorrespondencia.
_9159942
700 1 _aGayangos, Pascual de,
_d1809-1897
_956138
700 1 _aFuente, Vicente de la,
_d1817-1889
_952857
852 _aES-MaACL
_jC-140
_z-- Enc. hol.
999 _c156342
_d156342